1099 1840 1507 1738 1856 1736 1305 1685 1057 1171 1133 1883 1210 1246 1827 1052 1194 1279 1086 1199 1058 1728 1034 1363 1222 1601 1593 1901 1355 1531 1277 1108 1475 1172 1405 1502 1306 1827 1642 1432 1724 1220 1517 1119 1268 1054 1234 1017 1551 1269 1561 1420 1001 1207 1437 1509 1673 1478 1851 1062 1248 1665 1280 1190 1871 1788 1231 1298 1455 1877 1144 1053 1114 1006 1128 1083 1186 1859 1429 1297 1509 1733 1293 1974 1536 1641 1236 1498 1225 1316 1574 1731 1147 1226 1639 1877 1610 1889 1640 BCNSPRNW ULIB Ver.6.0+V

เปลี่ยนเป็นภาษาไทย

Change to English
 แสดงรายละเอียดบรรณานุกรม
  กลับหน้าหลัก

Brief Record : Get Marc (ISO 2709) : E-mail record : QR code < ปิดหน้าต่าง
LEADER : 00000nam 2200000uu 4500
001    13399114824
003     ULIB
008    020711s2543 th a 000 0 eng d
060  4 WD220^bน139ก
100    นงนุช โอบะ
245    ^aการพยาบาลผู้ที่เสียสมดุลน้ำอิเล็กโตรไลท์/^cนงนุช โอบะ
260    พิษณุโลก ^bมหาวิทยาลัยนเรศวร,^c2543
300    112 หน้า
650  0 ภาวะเสียสมดุลน้ำ
710 1  มหาวิทยาลัยนเรศวร.^bโครงการจัดตั้งคณะพยาบาลศาสตร์
945    ^p0^l0^i012005
995    ทศพร
999 ^a ทศพร
รายการนี้ยังไม่มีแท็ก
คุณยังไม่ได้ล็อกอิน คุณสามารถมีกิจกรรมร่วมกับเว็บไซต์ได้ แต่ต้องล็อกอินก่อน ::
  ล็อกอิน

รายการสื่อสารสนเทศ

ลำดับที่ ประเภท เลขเรียก/บาร์โค้ด สถานที่ สถานะ
- ไม่พบข้อมูล -

รายการใกล้เคียง
    ผู้แต่ง [นงนุช โอบะ]

BibComment


ยังไม่เคยถูกคอมเมนท์

คอมเมนท์ทรัพยากรรายการนี้
  คอมเมนท์: การพยาบาลผู้ที่เ..


 Copyright 2026. Bcnsprnw @Library